La universidad ayer, hoy y mañana

Guardat en:
Dades bibliogràfiques
Autor principal: Montejano, Bernardino (autor)
Format: Llibre
Idioma:espanyol
Publicat: Guadalajara Folia Universitaria 2007
Matèries:
Etiquetes: Afegir etiqueta
Sense etiquetes, Sigues el primer a etiquetar aquest registre!

MARC

LEADER 00000nam a2200000 a 4500
001 UCG6724
003 CL-VaPUC
008 110512e20070500MX |||||||||||||||||spa|d
020 |a 9688720283 
082 0 4 |a 378.006  |b MON  |2 21 
100 |a Montejano, Bernardino  |e autor  |9 560671 
245 1 3 |a La universidad ayer, hoy y mañana 
300 |a 350 p 
942 |c BK 
945 |d 20110512 00:00:00  |a jcampos 
260 |a Guadalajara  |b Folia Universitaria  |c 2007 
650 0 |a Educación superior   |9 223851 
650 7 |a ORGANIZACION UNIVERSITARIA  |2 CL-VaPUC  |9 557075 
650 7 |a EVOLUCION HISTORICA  |2 CL-VaPUC  |9 389800 
583 |a last modification  |c 20110512 00:00:00  |k Rodrigo Vera 
999 |c 344870  |d 344868 
952 |0 0  |1 0  |4 0  |6 378_006000000000000_MON_2007  |7 0  |8 ED_SUP  |9 443212  |a BIBGIM  |b BIBGIM  |c S_PSTGRDO  |d 2019-11-22  |i 4776763  |o 378.006 MON 2007  |p 4776763  |r 2025-01-15  |w 2019-11-22  |y BK_X  |k ESU